000 01195nam a2200289 i 4500
001 bg
245 0 0 _aOchrona konkurencji i konsumentów w Polsce i Unii Europejskiej :
_b(studia prawno-ekonomiczne) /
_cpod red. Cezarego Banasińskiego.
260 _aWarszawa :
_bUrząd Ochrony Konkurencji i Konsumentów,
_c2005.
300 _a298 s. :
_bil. ;
_c24 cm.
650 9 _aKonkurencja
_xpolityka
_xUnia Europejska
650 9 _aKonkurencja
_xpolityka
_zPolska
_yod 1989 r.
650 9 _aKonsumenci (ekon.)
_xochrona
_xpolityka
_xUnia Europejska
650 9 _aKonsumenci (ekon.)
_xochrona
_xpolityka
_zPolska
_yod 1989 r.
650 9 _aMonopol
_xzapobieganie i zwalczanie
_xUnia Europejska
650 9 _aMonopol
_xzapobieganie i zwalczanie
_zPolska
_yod 1989 r.
650 9 _aPrawo antymonopolowe
_xprawo wspólnotowe europejskie
_ystan na 2005 r.
650 9 _aPrawo antymonopolowe
_zPolska
_ystan na 2005 r.
700 1 _aBANASIŃSKI, Cezary.
_eRed.
015 _aPB 4070/2006
020 _a8392270509
040 _cBPK
041 _apol
080 _a339.137:366:334.75](438:4-67)"1989/...":346.54(438:4-67)
920 _a83-922705-0-9
942 _cKS
008 s pl f |000 0 pol
999 _c52617
_d52617
856 _uhttp://koha.tu.koszalin.pl/cgi-bin/koha/opac-detail.pl?biblionumber=52617
_yKatalog online BPK